Kooperatívna bezpečnosť v súčasnosti - výzvy a príležitosti bakalárska práca

Na minha lista:
Detalhes bibliográficos
Autor principal: Ondrija, Matúš
Autor Corporativo: Fakulta medzinárodných vzťahov EU. Katedra medzinárodných politických vzťahov
Outros Autores: Karas, Martin, 1991-
Formato: Livro
Idioma:eslovaco
Publicado em: Bratislava 2022
Tags: Adicionar Tag
Sem tags, seja o primeiro a adicionar uma tag!

MARC

LEADER 00000nbm a2200000 4500
001 0285122
005 20230404091624.1
041 0 |a slo 
044 |a SK 
245 1 0 |a Kooperatívna bezpečnosť v súčasnosti - výzvy a príležitosti  |b bakalárska práca  |c Matúš Ondrija ; školiteľ: Martin Karas 
264 1 |a Bratislava  |c 2022 
300 |a 49 s. 
100 1 |a Ondrija, Matúš 
700 1 |a Karas, Martin, 1991- 
710 2 |a Fakulta medzinárodných vzťahov EU. Katedra medzinárodných politických vzťahov